000
00202nam a22000857a 4500
999
_c
258424
_d
258423
020
_a
9780324826852
245
_a
Microsoft office 2007 introductory concepts and techniques
260
_c
2010
942
_c
BK